Gegner Deutschlands bei Fußball-Weltmeisterschaften - Statistiken

Allgemein
  • Dieses Quiz wurde 2.160 mal gespielt
  • Das Durchschnittsergebnis liegt bei 93 aus 111
Antwortstatistiken
Spiel Ergebnis Gegner % Korrekt
1958: Vorrunde 3:1 Argentinien
99%
1966: Vorrunde 0:0 Argentinien
99%
1986: Finale 2:3 Argentinien
99%
1990: Finale 1:0 Argentinien
99%
2006: Viertelfinale 1:1 n. V., 4:2 i. E. Argentinien
99%
2010: Viertelfinale 4:0 Argentinien
99%
2014: Finale 1:0 n. V. Argentinien
99%
2002: Finale 0:2 Brasilien
99%
2014: Halbfinale 7:1 Brasilien
99%
1966: Vorrunde 2:1 Spanien
99%
1982: Zweite Runde 2:1 Spanien
99%
1994: Vorrunde 1:1 Spanien
99%
2010: Halbfinale 0:1 Spanien
99%
2022: Vorrunde 1:1 Spanien
99%
1958: Spiel um Platz 3 3:6 Frankreich
98%
1982: Halbfinale 3:3 n. V. 5:4 i. E. Frankreich
98%
1986: Halbfinale 2:0 Frankreich
98%
2014: Viertelfinale 1:0 Frankreich
98%
2022: Vorrunde 1:2 Japan
97%
2006: Spiel um Platz 3 3:1 Portugal
96%
2014: Vorrunde 4:0 Portugal
96%
1934: Viertelfinale 2:1 Schweden
96%
1958: Halbfinale 1:3 Schweden
96%
1974: Zweite Runde 4:2 Schweden
96%
2006: Achtelfinale 2:0 Schweden
96%
2018: Vorrunde 2:1 Schweden
96%
1962: Vorrunde 0:0 Italien
95%
1970: Halbfinale 3:4 n. V. Italien
95%
1978: Zweite Runde 0:0 Italien
95%
1982: Finale 1:3 Italien
95%
2006: Halbfinale 0:2 n. V. Italien
95%
1998: Vorrunde 2:0 USA
95%
2002: Viertelfinale 1:0 USA
95%
2014: Vorrunde 1:0 USA
95%
1994: Vorrunde 3:2 Südkorea
94%
2002: Halbfinale 1:0 Südkorea
94%
2018: Vorrunde 0:2 Südkorea
94%
1966: Finale 2:4 n. V. England
93%
1970: Viertelfinale 3:2 n. V. England
93%
1982: Zweite Runde 0:0 England
93%
1990: Halbfinale 1:1 n. V., 4:3 i. E. England
93%
2010: Achtelfinale 4:1 England
93%
1978: Vorrunde 6:0 Mexiko
93%
1986: Viertelfinale 0:0 n. V. 4:1 i. E. Mexiko
93%
1998: Achtelfinale 2:1 Mexiko
93%
2018: Vorrunde 0:1 Mexiko
93%
1974: Finale 2:1 Niederlande
90%
1978: Zweite Runde 2:2 Niederlande
90%
1990: Achtelfinale 2:1 Niederlande
90%
1966: Viertelfinale 4:0 Uruguay
89%
1970: Spiel um Platz 3 1:0 Uruguay
89%
1986: Vorrunde 1:1 Uruguay
89%
2010: Spiel um Platz 3 3:2 Uruguay
89%
1982: Vorrunde 1:2 Algerien
88%
2014: Achtelfinale 2:1 n. V. Algerien
88%
1934: Spiel um Platz 3 3:2 Österreich
88%
1954: Halbfinale 6:1 Österreich
88%
1978: Zweite Runde 2:3 Österreich
88%
1982: Vorrunde 1:0 Österreich
88%
1974: Zweite Runde 1:0 Polen
88%
1978: Vorrunde 0:0 Polen
88%
2006: Vorrunde 1:0 Polen
88%
1938: Achtelfinale 1:1 n. V.2:4 im Wieder- holungsspiel Schweiz
88%
1962: Vorrunde 2:1 Schweiz
88%
1966: Vorrunde 5:0 Schweiz
88%
2006: Vorrunde 4:2 Costa Rica
87%
2022: Vorrunde 4:2 Costa Rica
87%
2010: Vorrunde 1:0 Ghana
87%
2014: Vorrunde 2:2 Ghana
87%
1954: Vorrunde 3:8 Ungarn
87%
1954: Finale 3:2 Ungarn
87%
1934: Halbfinale 1:3 Tschechoslowakei
85%
1958: Vorrunde 2:2 Tschechoslowakei
85%
1990: Viertelfinale 1:0 Tschechoslowakei
85%
1974: Vorrunde 3:0 Australien
84%
2010: Vorrunde 4:0 Australien
84%
1934: Achtelfinale 5:2 Belgien
84%
1994: Achtelfinale 3:2 Belgien
84%
1986: Vorrunde 0:2 Dänemark
77%
1962: Vorrunde 2:0 Chile
76%
1974: Vorrunde 1:0 Chile
76%
1982: Vorrunde 4:1 Chile
76%
1998: Viertelfinale 0:3 Kroatien
76%
1954: Vorrunde 4:1 Türkei
76%
1954: Vorrunde 7:2 Türkei
76%
2010: Vorrunde 0:1 Serbien
75%
2002: Vorrunde 1:1 Irland
73%
1990: Vorrunde 1:1 Kolumbien
72%
1970: Vorrunde 2:1 Marokko
68%
1986: Achtelfinale 1:0 Marokko
68%
2002: Vorrunde 8:0 Saudi-Arabien
68%
2006: Vorrunde 3:0 Ecuador
64%
1970: Vorrunde 3:1 Peru
64%
1966: Halbfinale 2:1 Sowjetunion
64%
1970: Vorrunde 5:2 Bulgarien
62%
1994: Viertelfinale 1:2 Bulgarien
62%
1986: Vorrunde 2:1 Schottland
62%
2002: Vorrunde 2:0 Kamerun
60%
1954: Viertelfinale 2:0 Jugoslawien
59%
1958: Viertelfinale 1:0 Jugoslawien
59%
1962: Viertelfinale 0:1 Jugoslawien
59%
1974: Zweite Runde 2:0 Jugoslawien
59%
1990: Vorrunde 4:1 Jugoslawien
59%
1998: Vorrunde 2:2 Jugoslawien
59%
2002: Achtelfinale 1:0 Paraguay
59%
1998: Vorrunde 2:0 Iran
57%
1974: Vorrunde 0:1 DDR
54%
1994: Vorrunde 1:0 Bolivien
49%
1978: Vorrunde 0:0 Tunesien
47%
1958: Vorrunde 2:2 Nordirland
39%
1990: Vorrunde 5:1 VAE
23%
Keine übereinstimmenden Quizze gefunden
Verteilung der Resultate
Anzahl Personen mit jedem Resultat
Perzentil nach korrekt beantworteten Fragen
Ihre Resultats-Entwicklung
Sie haben dieses Quiz noch nicht gespielt